La tutela de derechos fundamentales en el derecho del trabajo

Guardat en:
Dades bibliogràfiques
Autor principal: Gamonal Contreras, Sergio (autor)
Altres autors: Guidi Moggia, Caterina (autor)
Format: Desconegut
Idioma:anglès
Publicat: Santiago, Chile Der Ediciones 2020
Edició:Primera edición
Col·lecció:Cuadernos Jurídicos de la Academia Judicial
Matèries:
Etiquetes: Afegir etiqueta
Sense etiquetes, Sigues el primer a etiquetar aquest registre!

MARC

LEADER 00000 a2200000 4500
003 CL-VaPUC
005 20231115165154.0
008 201229b ||||| |||| 00| 0 eng d
999 |c 432389  |d 432387 
020 |a 9789569959813 
040 |c Pontificia Universidad Católica de Valparaíso 
082 0 4 |a 344.8301 GAM 2020 
100 |a Gamonal Contreras, Sergio  |e autor  |9 344 
245 3 |a La tutela de derechos fundamentales en el derecho del trabajo 
250 |a Primera edición  
260 |a Santiago, Chile   |b Der Ediciones  |c 2020 
300 |a 195 páginas  
440 |a Cuadernos Jurídicos de la Academia Judicial  |9 859091 
583 |k Hugo Gaete  |c 20201229 
650 1 |a Derecho laboral  |9 15  |x Contrato de trabajo 
650 1 0 |a Derechos fundamentales   |9 254841  |x Contrato de trabajo 
700 |a Guidi Moggia, Caterina   |9 859092  |e autor 
852 |a BIBDER 
942 |2 ddc  |c BK 
952 |0 0  |1 0  |2 ddc  |4 0  |6 344_830100000000000_GAM_2020  |7 0  |8 A  |9 577303  |a BIBDER  |b BIBDER  |d 2020-12-29  |e 22  |g 18500.00  |i 5580609  |l 21  |m 9  |o 344.8301 GAM 2020  |p 5580609  |r 2025-05-05  |s 2025-05-02  |t 1  |v 18500.00  |w 2020-12-29  |y BK  |k DER